| 000 | 00900nac a22002531u 4500 | ||
|---|---|---|---|
| 010 | _a79083973 | ||
| 020 | _a0691042225 : | ||
| 082 | 0 | 0 |
_a338.521 _bA2581 |
| 090 |
_c1659 _d1659 |
||
| 100 | _aAfriat, S. N., | ||
| 245 | 1 | 0 |
_aDemand functions and the Slutsky matrix / _cS. N. Afriat. |
| 260 |
_aPrinceton, N.J. : _bPrinceton University Press, _cc1980. |
||
| 300 |
_axii, 269 p. : _bill. ; _c25 cm. |
||
| 440 | 0 |
_aPrinceton studies in mathematical economics ; _v7 |
|
| 500 | _aIncludes index. | ||
| 500 | _aDonations | ||
| 500 | _aDonations - Dr. Mostafa Gouda | ||
| 504 | _aBibliography: p. 240-264. | ||
| 650 | 0 | _aDemand functions (Economic theory) | |
| 650 | 0 | _aUtility theory. | |
| 740 | _aSlutsky matrix. | ||
| 942 |
_cBB _k338.521A2581 |
||
| 999 |
_c1659 _d1659 |
||